An Introduction to Intellectual property law / (Record no. 6514)
[ view plain ]
| 000 -LEADER | |
|---|---|
| fixed length control field | 00630nam a22002057a 4500 |
| 003 - CONTROL NUMBER IDENTIFIER | |
| control field | BUBTL |
| 008 - FIXED-LENGTH DATA ELEMENTS--GENERAL INFORMATION | |
| fixed length control field | 210817b xxu||||| |||| 00| 0 eng d |
| 020 ## - INTERNATIONAL STANDARD BOOK NUMBER | |
| International Standard Book Number | 9789848792193 |
| 082 ## - DEWEY DECIMAL CLASSIFICATION NUMBER | |
| Classification number | 346.411048 / M2788i |
| 100 ## - MAIN ENTRY--PERSONAL NAME | |
| 9 (RLIN) | 4130 |
| Personal name | Mahmud, Talukdar Rasel |
| 245 ## - TITLE STATEMENT | |
| Title | An Introduction to Intellectual property law / |
| Statement of responsibility, etc. | Talukdar Rasel Mahmud , M. Ahsan Kabir |
| 250 ## - EDITION STATEMENT | |
| Edition statement | 2nd edn. |
| 260 ## - PUBLICATION, DISTRIBUTION, ETC. (IMPRINT) | |
| Place of publication, distribution, etc. | Dhaka : |
| Name of publisher, distributor, etc. | Shams Publications, |
| Date of publication, distribution, etc. | c2016. |
| 300 ## - PHYSICAL DESCRIPTION | |
| Extent | xxiv,624 p. : |
| Dimensions | 22 cm. |
| 650 #0 - SUBJECT ADDED ENTRY--TOPICAL TERM | |
| 9 (RLIN) | 26 |
| Topical term or geographic name as entry element | Law |
| 700 ## - ADDED ENTRY--PERSONAL NAME | |
| 9 (RLIN) | 4131 |
| Personal name | Kabir, M. Ahsan |
| 856 ## - ELECTRONIC LOCATION AND ACCESS | |
| Password | 0 |
| Logon | 0 |
| Link text | Download |
| 942 ## - ADDED ENTRY ELEMENTS (KOHA) | |
| Source of classification or shelving scheme | |
| Koha item type | Books |
| Withdrawn status | Lost status | Source of classification or shelving scheme | Damaged status | Not for loan | Collection code | Permanent location | Current location | Shelving location | Date acquired | Source of acquisition | Inventory number | Total Checkouts | Full call number | Barcode | Date last seen | Copy number | Price effective from | Koha item type | Date last checked out |
|---|---|---|---|---|---|---|---|---|---|---|---|---|---|---|---|---|---|---|---|
| Non-fiction | Bangladesh University of Business and Technology Library | Bangladesh University of Business and Technology Library | Law Stacks | 06/09/2021 | Purchase | 27923 | 346.411048 / M2788i | BUBTL-200327923 | 07/27/2023 | C-1 | 08/17/2021 | Books | |||||||
| Non-fiction | Bangladesh University of Business and Technology Library | Bangladesh University of Business and Technology Library | Law Stacks | 06/09/2021 | Purchase | 27924 | 1 | 346.411048 / M2788i | BUBTL-200327924 | 08/26/2023 | C-2 | 08/17/2021 | Books | 08/25/2023 | |||||
| Not For Loan | Non-fiction | Bangladesh University of Business and Technology Library | Bangladesh University of Business and Technology Library | Law Stacks | 06/09/2021 | Purchase | 27925 | 346.411048 / M2788i | BUBTL-200327925 | 08/17/2021 | C-3 | 08/17/2021 | Books | ||||||
| Non-fiction | Bangladesh University of Business and Technology Library | Bangladesh University of Business and Technology Library | Law Stacks | 06/09/2021 | Purchase | 27926 | 346.411048 / M2788i | BUBTL-200327926 | 08/17/2021 | C-4 | 08/17/2021 | Books | |||||||
| Not For Loan | Non-fiction | Bangladesh University of Business and Technology Library | Bangladesh University of Business and Technology Library | Law Stacks | 06/09/2021 | Purchase | 27927 | 346.411048 / M2788i | BUBTL-200327927 | 08/17/2021 | C-5 | 08/17/2021 | Books |
